[Event "Hradec Kralove Open 2022 - A FIDE Open"]
[Site "Cernigov hotel, Hradec Kralove"]
[Date "2022.11.10"]
[Round "7"]
[Board "2"]
[White "Gorkiewicz, Mateusz"]
[Black "Arndt, Stefan"]
[Result "1/2-1/2"]
[WhiteElo "2028"]
[BlackElo "2176"]
[PlyCount "137"]
[EventDate "2022.11.05"]
[EventRounds "9"]
[EventCountry "CZE"]

1. e4 e5 2. Nf3 Nc6 3. d4 exd4 4. Bc4 Nf6 5. e5 d5 6. Bb5 Nd7 7. O-O Be7 8. Bxc6
bxc6 9. Nxd4 Nb8 10. Nc3 O-O 11. Qf3 Be6 12. Nxe6 fxe6 13. Qg4 Rf5 14. f4 Bc5+ 15.
Kh1 Nd7 16. Bd2 Bb4 17. Ne4 Bxd2 18. Nxd2 Qe7 19. Nf3 h5 20. Qg6 Nf8 21. Qg3 c5 22.
Nh4 Rf7 23. Rae1 Rb8 24. b3 Rb6 25. f5 exf5 26. Nxf5 Qe6 27. Qg5 Nh7 28. Qxh5 g6
29. Nh6+ Kg7 30. Rxf7+ Qxf7 31. Nxf7 gxh5 32. e6 Nf6 33. Ng5 Kf8 34. e7+ Ke8 35.
Kg1 Rb4 36. a3 Rg4 37. Ne6 Kxe7 38. Nxc5+ Kf7 39. Kf2 h4 40. Kf3 Rg5 41. b4 Rf5+
42. Ke2 Rg5 43. Kf3 Rf5+ 44. Ke2 Rg5 45. Kf2 Ng4+ 46. Kg1 h3 47. Ne6 Rg8 48. Nf4
hxg2 49. Nxd5 Rd8 50. Ne3 Nxe3 51. Rxe3 Rd1+ 52. Kxg2 Rd2+ 53. Kg3 Rxc2 54. h4 c5
55. Kf4 cxb4 56. axb4 Kf6 57. Re4 Rh2 58. Kg4 Ra2 59. Rc4 Ra4 60. Kh5 a5 61. Rc6+
Kg7 62. b5 Rb4 63. b6 Rb5+ 64. Kg4 a4 65. Rc7+ Kg6 66. h5+ Kh6 67. Rc6+ Kg7 68. Rc7+
Kh6 69. Rc6+  1/2-1/2

[Event "Hradec Kralove Open 2022 - A FIDE Open"]
[Site "Cernigov hotel, Hradec Kralove"]
[Date "2022.11.10"]
[Round "7"]
[Board "3"]
[White "Kraus, Ondrej"]
[Black "Tesar, Jan"]
[Result "0-1"]
[WhiteElo "1992"]
[BlackElo "1977"]
[PlyCount "74"]
[EventDate "2022.11.05"]
[EventRounds "9"]
[EventCountry "CZE"]

1. d4 d5 2. c4 Nc6 3. cxd5 Qxd5 4. e3 e5 5. Nc3 Bb4 6. Bd2 Bxc3 7. bxc3 Nf6 8. c4
Qd8 9. d5 Ne7 10. Bc3 Ng6 11. h4 h5 12. Nf3 Qe7 13. Qa4+ Nd7 14. Bb4 Qf6 15. Rd1
a5 16. Bd3 axb4 17. Qxa8 O-O 18. Bxg6 Qxg6 19. Qa5 Qxg2 20. Ke2 Qg4 21. Rhg1 Qxc4+
22. Ke1 b6 23. Qa4 Nc5 24. Qc6 Bg4 25. Rxg4 hxg4 26. Nd2 Qc3 27. h5 g3 28. h6 g2
29. Ke2 Qd3+ 30. Kf3 Qf5+ 31. Ke2 Qg4+ 32. f3 Qg3 33. hxg7 Kxg7 34. Rg1 Rh8 35. Nf1
Qg5 36. Kf2 Nd3+ 37. Ke2 Rh1  0-1

[Event "Hradec Kralove Open 2022 - A FIDE Open"]
[Site "Cernigov hotel, Hradec Kralove"]
[Date "2022.11.10"]
[Round "7"]
[Board "5"]
[White "Mannion, Stephen R"]
[Black "Antoniewicz, Jakub"]
[Result "1-0"]
[WhiteElo "2227"]
[BlackElo "1945"]
[PlyCount "59"]
[EventDate "2022.11.05"]
[EventRounds "9"]
[EventCountry "CZE"]

1. e4 c5 2. Nf3 Nc6 3. d4 cxd4 4. Nxd4 e5 5. Nb5 a6 6. Nd6+ Bxd6 7. Qxd6 Qe7 8. Qd1
Nf6 9. Nc3 d6 10. Bg5 Be6 11. Nd5 Bxd5 12. exd5 Nb8 13. Qf3 Nbd7 14. O-O-O h6 15.
Be3 O-O 16. g4 Nh7 17. h4 e4 18. Qg3 Ne5 19. g5 h5 20. Bh3 Rfe8 21. Rhe1 Qc7 22.
Kb1 g6 23. Bf4 Nc4 24. Qc3 b5 25. Rd4 Qb6 26. Be3 Qb7 27. Bc1 f5 28. gxf6 Nxf6 29.
Rxc4 Nxd5 30. Qb3  1-0

[Event "Hradec Kralove Open 2022 - A FIDE Open"]
[Site "Cernigov hotel, Hradec Kralove"]
[Date "2022.11.10"]
[Round "7"]
[Board "6"]
[White "Jiruse, Josef"]
[Black "Dusbaba, Karel"]
[Result "1/2-1/2"]
[WhiteElo "1917"]
[BlackElo "2046"]
[PlyCount "91"]
[EventDate "2022.11.05"]
[EventRounds "9"]
[EventCountry "CZE"]

1. e4 e6 2. d4 d5 3. Nd2 Nf6 4. Bd3 dxe4 5. Nxe4 Be7 6. Nf3 Bd7 7. c3 Bc6 8. Qe2
Nxe4 9. Bxe4 Bxe4 10. Qxe4 Qd5 11. Qe5 Qxe5+ 12. Nxe5 Nd7 13. Bf4 c6 14. Nxd7 Kxd7
15. O-O-O Rhd8 16. Rhe1 Ke8 17. Kc2 Rd5 18. Re5 Rad8 19. a4 a6 20. Rxd5 Rxd5 21.
c4 Rf5 22. Be3 h5 23. f3 Bg5 24. Kd3 Kd7 25. Ke4 Bxe3 26. Kxe3 Kc7 27. b4 b6 28.
g4 hxg4 29. fxg4 Rf6 30. h4 Rh6 31. h5 Kd6 32. c5+ Kc7 33. Rh1 f6 34. Kf4 Rh8 35.
Re1 bxc5 36. dxc5 Re8 37. g5 fxg5+ 38. Kxg5 Re7 39. Kg6 Kd7 40. Rd1+ Kc7 41. Rd4
Kc8 42. Rf4 Kd7 43. Rd4+ Kc7 44. Rd3 Kc8 45. Rd6 Kc7 46. Rd4  1/2-1/2

[Event "Hradec Kralove Open 2022 - A FIDE Open"]
[Site "Cernigov hotel, Hradec Kralove"]
[Date "2022.11.10"]
[Round "7"]
[Board "7"]
[White "Peglau, Charis"]
[Black "Novotny, Lubomir"]
[Result "1-0"]
[WhiteElo "1974"]
[BlackElo "1846"]
[PlyCount "55"]
[EventDate "2022.11.05"]
[EventRounds "9"]
[EventCountry "CZE"]

1. d4 Nf6 2. c4 e5 3. dxe5 Ng4 4. Nf3 Nc6 5. Bf4 Bb4+ 6. Nbd2 Qe7 7. e3 Ngxe5 8.
Be2 O-O 9. O-O Bxd2 10. Qxd2 d6 11. Rac1 Nxf3+ 12. Bxf3 Ne5 13. Bd5 Ng6 14. Bg3 Rb8
15. Qa5 a6 16. c5 Be6 17. cxd6 cxd6 18. Rfd1 Ne5 19. Qb6 Rfc8 20. Bxe6 Qxe6 21. Rxc8+
Rxc8 22. Bxe5 Qxe5 23. Qxb7 Re8 24. b3 f5 25. Qd5+ Qxd5 26. Rxd5 Rc8 27. g3 Rc6 28.
Rxf5  1-0

[Event "Hradec Kralove Open 2022 - A FIDE Open"]
[Site "Cernigov hotel, Hradec Kralove"]
[Date "2022.11.10"]
[Round "7"]
[Board "8"]
[White "Voriskova, Anna"]
[Black "Celik, Ali Alper"]
[Result "1-0"]
[WhiteElo "1804"]
[BlackElo "1949"]
[PlyCount "107"]
[EventDate "2022.11.05"]
[EventRounds "9"]
[EventCountry "CZE"]

1. d4 d5 2. c4 c6 3. Nf3 e6 4. Nc3 dxc4 5. a4 Bb4 6. e4 b5 7. Qc2 a5 8. Be2 Nf6 9.
Bg5 h6 10. Bh4 g5 11. Bg3 g4 12. Ne5 Qxd4 13. Nxg4 Nbd7 14. O-O Bxc3 15. Rfd1 Qc5
16. Qxc3 e5 17. Nxf6+ Nxf6 18. Bxe5 Nxe4 19. Qd4 Qxd4 20. Rxd4 f6 21. Rxe4 fxe5 22.
Rxe5+ Kf7 23. axb5 cxb5 24. Rxb5 Be6 25. Bf3 Rhb8 26. Bc6 Rxb5 27. Bxb5 Ke7 28. Ra4
Rd8 29. Kf1 Rd1+ 30. Ke2 Rb1 31. Bxc4 Rxb2+ 32. Ke3 Bxc4 33. Rxc4 Rb6 34. Rc7+ Kf6
35. Ra7 Rb3+ 36. Kf4 Rb4+ 37. Kg3 a4 38. Ra6+ Kg7 39. f3 Rc4 40. h4 Rb4 41. Kh3 Rc4
42. g4 Rc3 43. Kg3 a3 44. Kf4 Rb3 45. Ra7+ Kg6 46. Ra6+ Kg7 47. Ke4 Rb4+ 48. Kf5
Rb5+ 49. Ke6 Rb3 50. f4 Rb4 51. Ra7+ Kg8 52. Kf5 Rb3 53. Kg6 Rb6+ 54. Kh5  1-0

[Event "Hradec Kralove Open 2022 - A FIDE Open"]
[Site "Cernigov hotel, Hradec Kralove"]
[Date "2022.11.10"]
[Round "7"]
[Board "16"]
[White "Hetfleischova, Elen"]
[Black "Peglau, Dora"]
[Result "0-1"]
[WhiteElo "1434"]
[BlackElo "1798"]
[PlyCount "88"]
[EventDate "2022.11.05"]
[EventRounds "9"]
[EventCountry "CZE"]

1. e4 c6 2. Nf3 d5 3. exd5 cxd5 4. d4 Nf6 5. Nc3 Nc6 6. Bf4 Bg4 7. Be2 e6 8. a3 Bxf3
9. Bxf3 Qb6 10. O-O Nxd4 11. Re1 Nxf3+ 12. Qxf3 Be7 13. Qg3 Nh5 14. Bc7 Nxg3 15.
Bxb6 Nf5 16. Bc7 O-O 17. Rad1 Rac8 18. Be5 Bd6 19. Bxd6 Nxd6 20. Re2 Nc4 21. Rb1
Nxa3 22. Ra1 Nc4 23. Rxa7 Nxb2 24. Rxb7 Rxc3 25. Rxb2 Rfc8 26. f3 g5 27. Kf2 Kg7
28. h3 h5 29. g4 h4 30. Kg2 Kf6 31. Kf2 R8c4 32. Ra2 Rf4 33. Re3 Rxe3 34. Kxe3 Rc4
35. Kd3 Rb4 36. Ra1 Ke5 37. Ke3 Rb7 38. Rd1 Rc7 39. Rd2 Rc3+ 40. Kf2 Rc4 41. Ke3
Ra4 42. Rd1 Ra2 43. Re1 Ra3+ 44. c3 Rxc3+  0-1

[Event "Hradec Kralove Open 2022 - A FIDE Open"]
[Site "Cernigov hotel, Hradec Kralove"]
[Date "2022.11.10"]
[Round "7"]
[Board "17"]
[White "Aird, Ian"]
[Black "Svoboda, Frantisek"]
[Result "0-1"]
[WhiteElo "1710"]
[BlackElo "1616"]
[PlyCount "74"]
[EventDate "2022.11.05"]
[EventRounds "9"]
[EventCountry "CZE"]

1. e4 d6 2. d4 Nf6 3. Bd3 Nc6 4. c3 e5 5. Nf3 exd4 6. cxd4 Bg4 7. Be3 Qd7 8. Nc3
Be7 9. Rc1 a6 10. O-O O-O 11. Re1 Rfe8 12. Be2 Bf8 13. Nd2 Bxe2 14. Qxe2 Ng4 15.
f3 Nxe3 16. Qxe3 g6 17. Nb3 Bg7 18. Red1 a5 19. a4 f5 20. Qg5 Qf7 21. d5 h6 22. Qf4
Nb4 23. Nd4 fxe4 24. Qxf7+ Kxf7 25. Ne6 Nd3 26. Rc2 Nxb2 27. Rxb2 Bxc3 28. Rxb7 Re7
29. fxe4 c5 30. Rf1+ Bf6 31. Rfb1 c4 32. Rxe7+ Bxe7 33. Nd4 c3 34. Nb5 Rc8 35. Rc1
Kf6 36. Rxc3 Rxc3 37. Nxc3 Ke5  0-1

[Event "Hradec Kralove Open 2022 - A FIDE Open"]
[Site "Cernigov hotel, Hradec Kralove"]
[Date "2022.11.10"]
[Round "7"]
[Board "18"]
[White "Valik, Ondrej"]
[Black "Svec, Ludek"]
[Result "1-0"]
[WhiteElo "1675"]
[BlackElo "1602"]
[PlyCount "61"]
[EventDate "2022.11.05"]
[EventRounds "9"]
[EventCountry "CZE"]

1. c4 e6 2. Nc3 Nf6 3. e4 d5 4. e5 d4 5. exf6 dxc3 6. bxc3 Qxf6 7. Nf3 c5 8. d4 h6
9. a3 Bd6 10. Be3 Nd7 11. Bd3 O-O 12. Nd2 Qe7 13. Ne4 Bc7 14. Qh5 f5 15. Nxc5 Nxc5
16. dxc5 e5 17. O-O Bd7 18. Rab1 Rab8 19. f4 e4 20. Bc2 Bc6 21. Bd4 Qe8 22. Qh3 Qe6
23. Rbe1 Rbe8 24. Re3 Rf7 25. Rg3 Bd8 26. Qh5 g5 27. fxg5 f4 28. g6 Rf5 29. Qxh6
Bf6 30. Qh7+ Kf8 31. g7+  1-0

[Event "Hradec Kralove Open 2022 - A FIDE Open"]
[Site "Cernigov hotel, Hradec Kralove"]
[Date "2022.11.11"]
[Round "8"]
[Board "1"]
[White "Tesar, Jan"]
[Black "Jirasek, Pavel"]
[Result "0-1"]
[WhiteElo "1977"]
[BlackElo "2291"]
[PlyCount "106"]
[EventDate "2022.11.05"]
[EventRounds "9"]
[EventCountry "CZE"]

1. d4 Nf6 2. Nf3 e6 3. e3 b6 4. Bd3 Bb7 5. O-O c5 6. b3 Be7 7. Bb2 O-O 8. Nbd2 d6
9. Qe2 Nbd7 10. Rad1 Rc8 11. c4 cxd4 12. exd4 Re8 13. Ng5 h6 14. Nge4 d5 15. Ng3
Qc7 16. Nf3 Bf8 17. Ne5 dxc4 18. bxc4 Nxe5 19. dxe5 Nd7 20. f4 Nc5 21. Bb1 Rcd8 22.
Qc2 g6 23. h4 Rxd1 24. Rxd1 Bc6 25. Rf1 Qd8 26. Nh5 Bg7 27. Nf6+ Bxf6 28. exf6 Be4
29. Qe2 Bf5 30. h5 Bxb1 31. Rxb1 Qd3 32. Qxd3 Nxd3 33. hxg6 fxg6 34. Be5 Kf7 35.
Rd1 Rd8 36. g3 Rd7 37. Ra1 Nc5 38. g4 Ne4 39. Rf1 Rd2 40. Rf3 Rxa2 41. g5 hxg5 42.
fxg5 Nxg5 43. Rd3 Ke8 44. Bc3 Ra3 45. Re3 Kd7 46. Rd3+ Ke8 47. Re3 Ra4 48. c5 bxc5
49. Kf1 Rf4+ 50. Ke2 Re4 51. Kd3 Rxe3+ 52. Kxe3 Kf7 53. Kf4 Nh7  0-1

[Event "Hradec Kralove Open 2022 - A FIDE Open"]
[Site "Cernigov hotel, Hradec Kralove"]
[Date "2022.11.11"]
[Round "8"]
[Board "2"]
[White "Arndt, Stefan"]
[Black "Mannion, Stephen R"]
[Result "1/2-1/2"]
[WhiteElo "2176"]
[BlackElo "2227"]
[PlyCount "27"]
[EventDate "2022.11.05"]
[EventRounds "9"]
[EventCountry "CZE"]

1. e4 e5 2. Nf3 Nf6 3. d4 Nxe4 4. Bd3 d5 5. Nxe5 Nd7 6. Nxd7 Bxd7 7. O-O Bd6 8. Nc3
Nxc3 9. bxc3 O-O 10. Qh5 f5 11. Re1 c6 12. Bg5 Qc7 13. Be7 Rfe8 14. Bxd6  1/2-1/2

[Event "Hradec Kralove Open 2022 - A FIDE Open"]
[Site "Cernigov hotel, Hradec Kralove"]
[Date "2022.11.11"]
[Round "8"]
[Board "3"]
[White "Voriskova, Anna"]
[Black "Gorkiewicz, Mateusz"]
[Result "0-1"]
[WhiteElo "1804"]
[BlackElo "2028"]
[PlyCount "120"]
[EventDate "2022.11.05"]
[EventRounds "9"]
[EventCountry "CZE"]

1. d4 Nf6 2. c4 e6 3. Nf3 Bb4+ 4. Nbd2 b6 5. g3 Bb7 6. Bg2 c5 7. O-O cxd4 8. Nxd4
Bxg2 9. Kxg2 O-O 10. N2f3 d5 11. Qa4 Bc5 12. Rd1 Qd7 13. Qxd7 Nbxd7 14. cxd5 Nxd5
15. Nb3 Be7 16. e4 N5f6 17. Bg5 Rfe8 18. Rac1 h6 19. Be3 Rec8 20. Nbd4 Nc5 21. Nb5
Ncxe4 22. Nc7 Rab8 23. Bf4 Rb7 24. Nd5 Rxc1 25. Nxe7+ Rxe7 26. Rxc1 Nd5 27. Rc8+
Kh7 28. Bc1 e5 29. Nd2 Nc5 30. Nc4 Nd3 31. Bd2 Rd7 32. b3 f6 33. Ne3 Ne7 34. Rc2
Kg6 35. h4 Kf7 36. Kf3 Ke6 37. Ke2 Nc5 38. Bb4 Ne4 39. Kf3 Nd6 40. Bxd6 Kxd6 41.
g4 g6 42. h5 gxh5 43. gxh5 f5 44. Nc4+ Ke6 45. Re2 Nc6 46. Kg3 Rg7+ 47. Kh3 Rg4 48.
f3 Rd4 49. Kg3 Rd3 50. Kf2 b5 51. Nb2 Rd4 52. Kg2 a6 53. Kg3 Nb4 54. a3 Nd5 55. Rc2
Nf4 56. Rc6+ Rd6 57. Rxd6+ Kxd6 58. Kh4 Kd5 59. Nd1 Kd4 60. Nf2 Ke3  0-1

[Event "Hradec Kralove Open 2022 - A FIDE Open"]
[Site "Cernigov hotel, Hradec Kralove"]
[Date "2022.11.11"]
[Round "8"]
[Board "4"]
[White "Peglau, Charis"]
[Black "Valenta, Vit Vaclav"]
[Result "0-1"]
[WhiteElo "1974"]
[BlackElo "1984"]
[PlyCount "74"]
[EventDate "2022.11.05"]
[EventRounds "9"]
[EventCountry "CZE"]

1. d4 Nf6 2. c4 g6 3. f3 Bg7 4. e4 d6 5. Nc3 Nbd7 6. Be3 e5 7. d5 O-O 8. Bd3 Nh5
9. Qd2 Nc5 10. Nge2 Nxd3+ 11. Qxd3 f5 12. O-O-O b6 13. Rdf1 a5 14. exf5 Bxf5 15.
Qd2 Bd7 16. g4 Nf6 17. h4 e4 18. Nxe4 Nxe4 19. fxe4 Bxg4 20. Rxf8+ Qxf8 21. Nf4 h5
22. e5 dxe5 23. Nxg6 Qf7 24. d6 Qxc4+ 25. Qc3 Qxc3+ 26. bxc3 cxd6 27. Ne7+ Kh7 28.
Rf1 b5 29. Kb2 Be6 30. Bg5 b4 31. Rf2 bxc3+ 32. Kxc3 e4+ 33. Kd2 Bxa2 34. Ke3 Be6
35. Kxe4 a4 36. Nd5 a3 37. Ra2 Ra4+  0-1

[Event "Hradec Kralove Open 2022 - A FIDE Open"]
[Site "Cernigov hotel, Hradec Kralove"]
[Date "2022.11.11"]
[Round "8"]
[Board "5"]
[White "Stary, Vojtech"]
[Black "Sykora, Marek"]
[Result "0-1"]
[WhiteElo "1585"]
[BlackElo "2251"]
[PlyCount "98"]
[EventDate "2022.11.05"]
[EventRounds "9"]
[EventCountry "CZE"]

1. f4 e5 2. fxe5 d6 3. exd6 Bxd6 4. Nf3 g5 5. g3 g4 6. Nh4 Ne7 7. d4 Ng6 8. Nxg6
hxg6 9. Qd3 Nc6 10. c3 Qe7 11. Bg2 f5 12. Nd2 Bd7 13. Nc4 O-O-O 14. Nxd6+ Qxd6 15.
Bf4 Qf6 16. O-O-O g5 17. Bd2 Rh5 18. e4 f4 19. e5 Qf7 20. Be4 Qxa2 21. gxf4 Na5 22.
Bf5 Rh3 23. Bxd7+ Rxd7 24. Qf5 Nc4 25. Qb1 Qxb1+ 26. Kxb1 Nxd2+ 27. Rxd2 gxf4 28.
Rg1 Rg7 29. Rdg2 Rh4 30. Rf2 f3 31. Rxf3 gxf3 32. Rxg7 Rxh2 33. Rg1 Re2 34. Rf1 f2
35. Ka2 b5 36. Ka3 a5 37. b3 c6 38. b4 a4 39. c4 bxc4 40. d5 cxd5 41. Kxa4 Kd7 42.
b5 c3 43. Kb3 d4 44. b6 Kc6 45. e6 Kxb6 46. e7 Rxe7 47. Rxf2 Rc7 48. Rf6+ Rc6 49.
Rf4 c2  0-1

[Event "Hradec Kralove Open 2022 - A FIDE Open"]
[Site "Cernigov hotel, Hradec Kralove"]
[Date "2022.11.11"]
[Round "8"]
[Board "6"]
[White "Jiruse, Josef"]
[Black "Moser, Axel"]
[Result "1/2-1/2"]
[WhiteElo "1917"]
[BlackElo "2138"]
[PlyCount "42"]
[EventDate "2022.11.05"]
[EventRounds "9"]
[EventCountry "CZE"]

1. e4 c5 2. Nc3 d6 3. Bc4 g6 4. d3 Bg7 5. f4 Nc6 6. Nf3 e6 7. O-O Nge7 8. Qe1 O-O
9. f5 gxf5 10. Qg3 fxe4 11. dxe4 Ng6 12. h4 Nce5 13. Bg5 f6 14. Nxe5 Nxe5 15. Bh6
Rf7 16. Be2 Kh8 17. Bf4 Bd7 18. h5 Qf8 19. Rad1 Bc6 20. Qh3 h6 21. Qxe6 f5  1/2-1/2

[Event "Hradec Kralove Open 2022 - A FIDE Open"]
[Site "Cernigov hotel, Hradec Kralove"]
[Date "2022.11.11"]
[Round "8"]
[Board "10"]
[White "Celik, Ali Alper"]
[Black "Prachar, Josef"]
[Result "1-0"]
[WhiteElo "1949"]
[BlackElo "1774"]
[PlyCount "51"]
[EventDate "2022.11.05"]
[EventRounds "9"]
[EventCountry "CZE"]

1. e4 c5 2. Nc3 Nc6 3. Nge2 g6 4. g3 Bg7 5. Bg2 d6 6. O-O Rb8 7. h3 b5 8. a3 a5 9.
g4 b4 10. axb4 axb4 11. Nd5 e6 12. Ne3 h5 13. c3 hxg4 14. hxg4 bxc3 15. bxc3 Bd7
16. d4 cxd4 17. cxd4 e5 18. d5 Nd4 19. Ba3 Nxe2+ 20. Qxe2 Qh4 21. Rfb1 Rxb1+ 22.
Rxb1 Ne7 23. Rb8+ Bc8 24. Qb5+ Kf8 25. Bxd6 Kg8 26. Bxe7  1-0

[Event "Hradec Kralove Open 2022 - A FIDE Open"]
[Site "Cernigov hotel, Hradec Kralove"]
[Date "2022.11.11"]
[Round "8"]
[Board "11"]
[White "Antoniewicz, Jakub"]
[Black "Portych, Vaclav"]
[Result "1-0"]
[WhiteElo "1945"]
[BlackElo "1752"]
[PlyCount "73"]
[EventDate "2022.11.05"]
[EventRounds "9"]
[EventCountry "CZE"]

1. d4 Nf6 2. Nc3 d5 3. Bf4 a6 4. f3 Bf5 5. g4 Bg6 6. h4 h6 7. e3 e6 8. Bd3 Bxd3 9.
Qxd3 Bd6 10. Nge2 Nc6 11. O-O-O Qe7 12. e4 Nb4 13. Qd2 dxe4 14. fxe4 Bxf4 15. Qxf4
O-O-O 16. a3 Nc6 17. Rhf1 Rd7 18. e5 Nd5 19. Nxd5 exd5 20. h5 Kb8 21. Ng3 Nd8 22.
Nf5 Qf8 23. Rf2 Ne6 24. Qe3 Qd8 25. Rdf1 Qg5 26. Qxg5 hxg5 27. Ng3 g6 28. Rxf7 Rxf7
29. Rxf7 gxh5 30. Nxh5 Nxd4 31. Rg7 Re8 32. Nf6 Rh8 33. Nxd5 Rh4 34. Rg8+ Ka7 35.
Nxc7 Rxg4 36. e6 Re4 37. e7  1-0

[Event "Hradec Kralove Open 2022 - A FIDE Open"]
[Site "Cernigov hotel, Hradec Kralove"]
[Date "2022.11.11"]
[Round "8"]
[Board "13"]
[White "Navratil, Jiri"]
[Black "Valik, Ondrej"]
[Result "1-0"]
[WhiteElo "1891"]
[BlackElo "1675"]
[PlyCount "67"]
[EventDate "2022.11.05"]
[EventRounds "9"]
[EventCountry "CZE"]

1. d4 Nf6 2. Nf3 d5 3. Bf4 e6 4. e3 c5 5. c3 Nc6 6. Nbd2 cxd4 7. exd4 Nh5 8. Bg3
g6 9. Be2 Nxg3 10. hxg3 Bg7 11. Nb3 a5 12. Nc5 Qc7 13. Qd2 h5 14. Bb5 b6 15. Nd3
Bd7 16. a4 Na7 17. Bxd7+ Qxd7 18. Nde5 Qc7 19. Qf4 Bh6 20. Qf6 Rg8 21. g4 Bg7 22.
Qf4 Bxe5 23. Nxe5 Qe7 24. gxh5 g5 25. Qf3 f5 26. h6 Qf6 27. h7 Rh8 28. Qh5+ Ke7 29.
Ng6+ Kd6 30. Nxh8 Rxh8 31. Qh6 Qe7 32. Rh5 Nc6 33. Kd2 Qf7 34. Rah1  1-0

[Event "Hradec Kralove Open 2022 - A FIDE Open"]
[Site "Cernigov hotel, Hradec Kralove"]
[Date "2022.11.11"]
[Round "8"]
[Board "21"]
[White "Lavrincik, Pavel"]
[Black "Hetfleischova, Elen"]
[Result "0-1"]
[WhiteElo "1688"]
[BlackElo "1434"]
[PlyCount "102"]
[EventDate "2022.11.05"]
[EventRounds "9"]
[EventCountry "CZE"]

1. c4 e5 2. Nc3 Nc6 3. e4 Bc5 4. g3 Nf6 5. Bg2 d6 6. Nge2 O-O 7. O-O Ng4 8. h3 Nf6
9. Kh2 h6 10. d3 Nh7 11. f4 f5 12. Nd5 Ne7 13. Nec3 c6 14. Nxe7+ Qxe7 15. Qe2 Bd7
16. Be3 exf4 17. Bxf4 Rae8 18. Rae1 Nf6 19. e5 dxe5 20. Bxe5 Qf7 21. Qd1 Qg6 22.
d4 Bb4 23. Qd3 Qh5 24. Kg1 Qg5 25. a3 Be7 26. Bf4 Qg6 27. Kh1 Nh5 28. Be5 Bd6 29.
Kh2 Bxe5 30. dxe5 Qe6 31. Bf3 Nxg3 32. Kxg3 f4+ 33. Kf2 Qxh3 34. Rh1 Qg3+ 35. Ke2
Rxe5+ 36. Kd2 Rxe1 37. Rxe1 Bf5 38. Ne4 Qh4 39. Rh1 Qe7 40. Kc1 Rd8 41. Qe2 Qd7 42.
Re1 Kh8 43. c5 Re8 44. Rd1 Qe7 45. Nd6 Qxe2 46. Bxe2 Rxe2 47. Nxf5 Re5 48. Nd6 Rxc5+
49. Kb1 Rd5 50. Rxd5 cxd5 51. Nxb7 f3  0-1

[Event "Hradec Kralove Open 2022 - A FIDE Open"]
[Site "Cernigov hotel, Hradec Kralove"]
[Date "2022.11.12"]
[Round "9"]
[Board "2"]
[White "Sykora, Marek"]
[Black "Arndt, Stefan"]
[Result "1-0"]
[WhiteElo "2251"]
[BlackElo "2176"]
[PlyCount "247"]
[EventDate "2022.11.05"]
[EventRounds "9"]
[EventCountry "CZE"]

1. e4 e5 2. Nf3 Nc6 3. Bc4 Nf6 4. Ng5 d5 5. exd5 Na5 6. Bb5+ c6 7. dxc6 bxc6 8. Qf3
Be7 9. Ba4 O-O 10. d3 Ng4 11. Nh3 f5 12. O-O Bd6 13. Qe2 f4 14. f3 Nh6 15. Nf2 Nf5
16. Ne4 Be7 17. Nbc3 Nd4 18. Qd1 Rb8 19. Bb3+ Naxb3 20. axb3 a5 21. Bd2 Be6 22. Ne2
Ra8 23. Nxd4 Qxd4+ 24. Kh1 Qb6 25. Bc3 Rf5 26. d4 Bb4 27. Bxb4 Qxb4 28. dxe5 Rxe5
29. Ra4 Qe7 30. Qd2 Bf5 31. Qxf4 Rf8 32. Qc1 Bxe4 33. Rxe4 Rxe4 34. fxe4 Qxe4 35.
Rxf8+ Kxf8 36. h3 h6 37. Qd2 Kf7 38. c4 Qf5 39. Kg1 Ke7 40. Qc3 Qc5+ 41. Kf1 Kf7
42. Ke2 Kg8 43. Qe3 Qd6 44. c5 Qg6 45. Kf3 Qf6+ 46. Kg3 Qxb2 47. Qe8+ Kh7 48. Qe4+
Kh8 49. Qxc6 Qe5+ 50. Kf3 Qc3+ 51. Ke4 Qc2+ 52. Ke5 Qc3+ 53. Kd6 Qxb3 54. Qa8+ Kh7
55. Qxa5 Qd3+ 56. Kc7 Qg3+ 57. Kb6 Qb8+ 58. Kc6 Qe8+ 59. Kb7 Qd7+ 60. Qc7 Qb5+ 61.
Qb6 Qd7+ 62. Kb8 Qe8+ 63. Ka7 Qa4+ 64. Qa6 Qd7+ 65. Qb7 Qa4+ 66. Kb8 Qe8+ 67. Kc7
Qf7+ 68. Kb6 Qb3+ 69. Kc7 Qf7+ 70. Kb8 Qe8+ 71. Ka7 Qa4+ 72. Qa6 Qd7+ 73. Kb6 Qd8+
74. Kc6 Qf6+ 75. Kb5 Qb2+ 76. Ka5 Qc3+ 77. Kb6 Qb2+ 78. Qb5 Qd4 79. Ka6 Qd8 80. c6
Qa8+ 81. Kb6 Qb8+ 82. Ka5 Qa7+ 83. Kb4 Qd4+ 84. Qc4 Qb2+ 85. Kc5 Qe5+ 86. Qd5 Qc3+
87. Kd6 Qb4+ 88. Kd7 Qa4 89. g4 Kh8 90. Ke6 Qa6 91. Ke7 Qa7+ 92. Kd8 Qa8+ 93. Kd7
Qa4 94. Qf5 Kg8 95. h4 Qd4+ 96. Kc8 Qa7 97. Qd5+ Kh8 98. c7 Qa6+ 99. Kd8 Qb6 100.
Kd7 Qa7 101. g5 hxg5 102. hxg5 Kh7 103. Qe4+ g6 104. Qe7+ Kg8 105. Ke6 Qa6+ 106.
Qd6 Qc8+ 107. Kd5 Qf5+ 108. Kc6 Qc2+ 109. Kd7 Qa4+ 110. Kd8 Qa5 111. Qxg6+ Kf8 112.
Qf6+ Kg8 113. Kd7 Qb5+ 114. Qc6 Qd3+ 115. Qd6 Qb5+ 116. Ke6 Qe8+ 117. Kd5 Qb5+ 118.
Qc5 Qd7+ 119. Ke5 Qg7+ 120. Ke4 Qg6+ 121. Qf5 Qe8+ 122. Kf4 Qa4+ 123. Qe4 Qd7 124.
Qc4+  1-0

[Event "Hradec Kralove Open 2022 - A FIDE Open"]
[Site "Cernigov hotel, Hradec Kralove"]
[Date "2022.11.12"]
[Round "9"]
[Board "3"]
[White "Gorkiewicz, Mateusz"]
[Black "Kraus, Ondrej"]
[Result "1/2-1/2"]
[WhiteElo "2028"]
[BlackElo "1992"]
[PlyCount "119"]
[EventDate "2022.11.05"]
[EventRounds "9"]
[EventCountry "CZE"]

1. e4 c5 2. Nf3 e6 3. d4 cxd4 4. Nxd4 d6 5. Nc3 Nf6 6. Bd3 Be7 7. O-O O-O 8. Kh1
Re8 9. f4 Nc6 10. Nxc6 bxc6 11. e5 Nd5 12. Ne4 f5 13. exd6 Bf8 14. Ng5 h6 15. Nf3
Bxd6 16. Nd4 Qc7 17. Qf3 a6 18. Bd2 Bb7 19. Bc4 Qf7 20. Nb3 Rad8 21. Qf2 Nf6 22.
Ba5 Ne4 23. Qe3 Rd7 24. Rad1 g5 25. fxg5 Qh5 26. Rxd6 Rxd6 27. Nc5 Nxc5 28. Qxc5
Rd1 29. Qxf5 Rxf1+ 30. Qxf1 Qxg5 31. Bc3 c5 32. h3 Qg3 33. Kg1 Be4 34. Be1 Qg6 35.
c3 a5 36. Kh2 Kh7 37. Bg3 Rg8 38. Qf4 Rg7 39. Qd6 Bd5 40. Be2 Qc2 41. Bf1 Qd1 42.
Qf4 c4 43. Bxc4 Bxc4 44. Qxc4 Qd5 45. Qe2 Qf5 46. b3 e5 47. Qxe5 Qxe5 48. Bxe5 Re7
49. Bd4 Re2 50. Bb6 Rxa2 51. c4 Kg6 52. c5 Kf7 53. Kg3 Rb2 54. Bxa5 Rxb3+ 55. Kf4
Rb5 56. Bb6 Kf6 57. Ke4 Ke6 58. Kd4 Rb2 59. g3 Rb3 60. Bc7  1/2-1/2

[Event "Hradec Kralove Open 2022 - A FIDE Open"]
[Site "Cernigov hotel, Hradec Kralove"]
[Date "2022.11.12"]
[Round "9"]
[Board "4"]
[White "Mannion, Stephen R"]
[Black "Tesar, Jan"]
[Result "1-0"]
[WhiteElo "2227"]
[BlackElo "1977"]
[PlyCount "43"]
[EventDate "2022.11.05"]
[EventRounds "9"]
[EventCountry "CZE"]

1. e4 c5 2. Nf3 e6 3. d4 cxd4 4. Nxd4 a6 5. Bd3 Qc7 6. O-O Nf6 7. Qe2 d6 8. c4 Be7
9. Nc3 O-O 10. Kh1 Nc6 11. Nxc6 bxc6 12. f4 Bb7 13. b3 Rfe8 14. Bb2 d5 15. e5 Nd7
16. cxd5 exd5 17. Qc2 c5 18. Bxh7+ Kh8 19. Rf3 g6 20. Bxg6 d4 21. Rh3+ Kg8 22. Bxf7+
 1-0